zpět

Detail výsledku týmu

Chicago Bar & Grill ÚT, Liberec

Datum a čas kvízu

37.5 Celkem bodů Celkový počet nahraných bodů na tomto kvízu bez doplňovacích otázek.
4. Pořadí na kvízu Konečné umístění týmu na tomto kvízu.

Zaznamenané odpovědi

# Otázka Odpověď Body Výsledky
1. Vzhledem k faktu, že filmy Ave... Joss Whedon, Anthony a Joe Russo 1
2. Na rok 2025 je chystaný nový d... Kang (Dobyvatel) 1
3. Taková Scarlett Johansson nebo... 1D 2C 3B 4A 1
4. Velmi zásadním v příběhu Infin... Lokiho žezlo (Scepter), Vision 1
5. Během natáčení posledního dílu... Tom Holland 1
6. Příběhy o superhrdinech by neb... Sabretooth, Wolverine 0
7. Dříve než se poprvé ukázal Spi... 1C 2D 3B 4A 1
8. Black Order je pojem, který mo... Proxima Midnight, Corvus Glaive 1
9. Někdo by ho nazval záporákem,... do Argentiny 1
10. To, že se postava ve filmu dos... je to žena 1